<?xml version="1.0" encoding="UTF-8"?>
<collection xmlns="http://www.loc.gov/MARC21/slim">
<record>
  <controlfield tag="001">120089</controlfield>
  <controlfield tag="005">20221202152122.0</controlfield>
  <datafield tag="024" ind1="7" ind2=" ">
    <subfield code="2">doi</subfield>
    <subfield code="a">10.4995/aniav.2020.17238</subfield>
  </datafield>
  <datafield tag="024" ind1="8" ind2=" ">
    <subfield code="2">sideral</subfield>
    <subfield code="a">129975</subfield>
  </datafield>
  <datafield tag="037" ind1=" " ind2=" ">
    <subfield code="a">ART-2022-129975</subfield>
  </datafield>
  <datafield tag="041" ind1=" " ind2=" ">
    <subfield code="a">spa</subfield>
  </datafield>
  <datafield tag="100" ind1=" " ind2=" ">
    <subfield code="a">Prieto Martín, José</subfield>
    <subfield code="u">Universidad de Zaragoza</subfield>
    <subfield code="0">(orcid)0000-0003-1878-9671</subfield>
  </datafield>
  <datafield tag="245" ind1=" " ind2=" ">
    <subfield code="a">Transformando los desperdicios en arte participativo: Trash art + Patrimonio</subfield>
  </datafield>
  <datafield tag="260" ind1=" " ind2=" ">
    <subfield code="c">2022</subfield>
  </datafield>
  <datafield tag="520" ind1="3" ind2=" ">
    <subfield code="a">El objeto de esta investigación es el proyecto-proceso artístico, educativo, colaborativo y de autoría compartida, que promueve la reutilización de materiales de desecho de forma individual y colectiva. Su marco teórico relaciona dos conceptos: la Educación Artística, centrada en el conocimiento del patrimonio mudéjar turolense y del arte contemporáneo (Trash Art); y, la Educación Ambiental, centrada en la problemática medioambiental contemporánea, buscando formas de solventarla y, de favorecer algunos Objetivos de Desarrollo Sostenible de la agenda 2030. Comenzó a desarrollarse en 2018 concluyendo en 2021. Sus resultados son fruto de un trabajo colaborativo y participativo de 200 personas (docentes, estudiantes universitarios, escolares, artistas y gestores culturales) se han mostrado en cuatro exposiciones. Además, durante estos tres años hemos ido haciendo una puesta en común de los progresos de la investigación presentado ponencias en varios congresos académicos y en eventos.

La finalidad de esta actividad es favorecer la reflexión personal sobre nuestros hábitos relativos al reciclaje; transformar los desperdicios en arte de la comunidad; y, sensibilizar a los participantes en temas relacionados con la sostenibilidad y la gestión de residuos para fomentar los valores ambientales (3R) y, para aproximarlos al arte contemporáneo (Trash Art) y, al patrimonio artístico de Teruel (Bestiario de la techumbre mudéjar de la catedral).</subfield>
  </datafield>
  <datafield tag="506" ind1="0" ind2=" ">
    <subfield code="a">Access copy available to the general public</subfield>
    <subfield code="f">Unrestricted</subfield>
  </datafield>
  <datafield tag="540" ind1=" " ind2=" ">
    <subfield code="9">info:eu-repo/semantics/openAccess</subfield>
    <subfield code="a">by-nc-sa</subfield>
    <subfield code="u">http://creativecommons.org/licenses/by-nc-sa/3.0/es/</subfield>
  </datafield>
  <datafield tag="655" ind1=" " ind2="4">
    <subfield code="a">info:eu-repo/semantics/article</subfield>
    <subfield code="v">info:eu-repo/semantics/publishedVersion</subfield>
  </datafield>
  <datafield tag="700" ind1=" " ind2=" ">
    <subfield code="a">Ruiz Capellán, Vega</subfield>
  </datafield>
  <datafield tag="710" ind1="2" ind2=" ">
    <subfield code="1">5014</subfield>
    <subfield code="2">260</subfield>
    <subfield code="a">Universidad de Zaragoza</subfield>
    <subfield code="b">Unidad Predepartam. Bellas Ar.</subfield>
    <subfield code="c">Área Escultura</subfield>
  </datafield>
  <datafield tag="773" ind1=" " ind2=" ">
    <subfield code="g">10 (2022), 59-72</subfield>
    <subfield code="p">ANIAV</subfield>
    <subfield code="t">ANIAV</subfield>
    <subfield code="x">2530-9986</subfield>
  </datafield>
  <datafield tag="856" ind1="4" ind2=" ">
    <subfield code="s">3570705</subfield>
    <subfield code="u">http://zaguan.unizar.es/record/120089/files/texto_completo.pdf</subfield>
    <subfield code="y">Versión publicada</subfield>
  </datafield>
  <datafield tag="856" ind1="4" ind2=" ">
    <subfield code="s">1157302</subfield>
    <subfield code="u">http://zaguan.unizar.es/record/120089/files/texto_completo.jpg?subformat=icon</subfield>
    <subfield code="x">icon</subfield>
    <subfield code="y">Versión publicada</subfield>
  </datafield>
  <datafield tag="909" ind1="C" ind2="O">
    <subfield code="o">oai:zaguan.unizar.es:120089</subfield>
    <subfield code="p">articulos</subfield>
    <subfield code="p">driver</subfield>
  </datafield>
  <datafield tag="951" ind1=" " ind2=" ">
    <subfield code="a">2022-12-02-13:56:34</subfield>
  </datafield>
  <datafield tag="980" ind1=" " ind2=" ">
    <subfield code="a">ARTICLE</subfield>
  </datafield>
</record>
</collection>